Mauritius : 2021 Article IV Consultation-Press Release; Staff Report; and Statement by the Executive Director for Mauritius.

Economic Impact of the Pandemic and Policy Responses. Mauritius has been successful in containing the COVID-19 pandemic thanks to strict health measures but the halt in tourism has significantly affected its tourism-dependent economy. A comprehensive set of stimulus measures to mitigate the economic...

Deskribapen osoa

Xehetasun bibliografikoak
Erakunde egilea: International Monetary Fund. African Dept
Formatua: Aldizkaria
Hizkuntza:English
Argitaratua: Washington, D.C. : International Monetary Fund, 2021.
Saila:IMF Staff Country Reports; Country Report ; No. 2021/139
Gaiak:
Sarrera elektronikoa:Full text available on IMF
LEADER 01761cas a2200301 a 4500
001 AALejournalIMF021855
008 230101c9999 xx r poo 0 0eng d
020 |c 5.00 USD 
020 |z 9781513588582 
022 |a 1934-7685 
040 |a BD-DhAAL  |c BD-DhAAL 
110 2 |a International Monetary Fund.  |b African Dept. 
245 1 0 |a Mauritius :   |b 2021 Article IV Consultation-Press Release; Staff Report; and Statement by the Executive Director for Mauritius. 
264 1 |a Washington, D.C. :  |b International Monetary Fund,  |c 2021. 
300 |a 1 online resource (69 pages) 
490 1 |a IMF Staff Country Reports 
500 |a <strong>Off-Campus Access:</strong> No User ID or Password Required 
500 |a <strong>On-Campus Access:</strong> No User ID or Password Required 
506 |a Electronic access restricted to authorized BRAC University faculty, staff and students 
520 3 |a Economic Impact of the Pandemic and Policy Responses. Mauritius has been successful in containing the COVID-19 pandemic thanks to strict health measures but the halt in tourism has significantly affected its tourism-dependent economy. A comprehensive set of stimulus measures to mitigate the economic impact of the pandemic, including a wage subsidy and income support for the self-employed, have provided support to firms and households. 
538 |a Mode of access: Internet 
650 7 |a International Agreements  |2 imf 
650 7 |a International Organizations  |2 imf 
650 7 |a Monetary Policy  |2 imf 
650 7 |a Observance  |2 imf 
651 7 |a Mauritius  |2 imf 
830 0 |a IMF Staff Country Reports; Country Report ;  |v No. 2021/139 
856 4 0 |z Full text available on IMF  |u http://elibrary.imf.org/view/journals/002/2021/139/002.2021.issue-139-en.xml  |z IMF e-Library